000 00766cab a2200241 4500
001 ABS55522
008 090401t1996 xxu||||| |||| 00| 0 eng d
035 _a(Sirsi) u17121
041 _aeng
100 _aSeidl, A.
245 _aPFI hits the big time
260 _c1996
350 _a0
490 _aEstates Gazette
_v(9627) 6 July 1996, 54-55(2)
520 _aInvestigates why the sale of the government`s office accommodation has failed to attract many developers. Concludes it is the Private Finance Initiative which is deterring them.
650 _aGOVERNMENT OFFICES
650 _aMOD ESTATE
650 _aPFI
650 _aPRIVATE FINANCE INITIATIVE
690 _aPROPERTY-PROPERTY FINANCE AND INVESTMENT
942 _n0
948 _c04/03/1997
999 _c11349
_d11349